| 000 | 00910aam a2200313 4500 | ||
|---|---|---|---|
| 005 | 20230622151906.0 | ||
| 008 | 150729b2007 xxu||||| |||| 00| 0 spa d | ||
| 041 | _aESP | ||
| 082 | _a005.13 C387j | ||
| 100 |
_aCeballos Sierra, Francisco Javier _981061 |
||
| 245 | _aJava TM 2 | ||
| 260 | _aMéxico | ||
| 260 | _bAlfaomega | ||
| 260 | _c2007 | ||
| 300 | _a371 páginas | ||
| 505 | _aContiene disco compacto N° 405 | ||
| 505 | _aDisco compacto contiene J2SEDK, EDI y las aplicaciones contenidas en el libro. | ||
| 650 |
_aLENGUAJES DE PROGRAMACIÓN _981062 |
||
| 650 |
_aJAVA 2 _981063 |
||
| 650 |
_aPROGRAMACIÓN ORIENTADA A OBJETOS _981064 |
||
| 650 |
_a ESTRUCTURA DE DATOS _981065 |
||
| 650 |
_aCLASES _981066 |
||
| 650 |
_aMATRICES _981067 |
||
| 650 |
_aFICHEROS _981068 |
||
| 650 |
_aBASES DE DATOS _981069 |
||
| 650 |
_aPÁGINAS WEB _981070 |
||
| 650 |
_aMYSQL _981071 |
||
| 942 | _cBK | ||
| 999 |
_c6987 _d6987 |
||